Physical bibliography for librarians (Record no. 24330)

MARC details
000 -LEADER
fixed length control field 00276nam a2200109Ia 4500
082 ## - DEWEY DECIMAL CLASSIFICATION NUMBER
Classification number 02:015
Item number RAN
100 ## - MAIN ENTRY--AUTHOR NAME
Personal name Ranganathan, S R
245 #0 - TITLE STATEMENT
Title Physical bibliography for librarians
260 ## - PUBLICATION, DISTRIBUTION, ETC. (IMPRINT)
Place of publication Bombay
Name of publisher Asia
Year of publication 1974
942 ## - ADDED ENTRY ELEMENTS (KOHA)
Koha item type Books
Holdings
Withdrawn status Lost status Damaged status Not for loan Home library Current library Date acquired Cost, normal purchase price Full call number Accession Number Koha item type
        RRII Library RRII Library 16/12/2021 60.00 02:015 RAN 05013 Books